Biologická a imunologická charakterizácia antigénne dominantných monoproteínov patogénnych kvasiniek rodu Candida, ich využitie pre prípravu subcelulárnych vakcín dizertačná práca

Enregistré dans:
Détails bibliographiques
Auteur principal: Paulovičová, Lucia
Format: Livre
Langue:slovaque
Publié: Bratislava STU FCHPT 2010
Accès en ligne:Voir à l'OPAC
Tags: Ajouter un tag
Pas de tags, Soyez le premier à ajouter un tag!

MARC

LEADER 00000nam a2200000 a 4500
005 20260127134259.0
008 141024 2010 000 0 slo d
035 |a vtls010630646 
039 9 |a 201410271109  |b mschk03  |y 201410241400  |z mschk03 
040 |a STUSCHK1  |b slo  |c STUSCHK1  |e AACR2 
100 1 |a Paulovičová, Lucia 
245 1 |a Biologická a imunologická charakterizácia antigénne dominantných monoproteínov patogénnych kvasiniek rodu Candida, ich využitie pre prípravu subcelulárnych vakcín  |b dizertačná práca  |c Lucia Paulovičová 
260 |a Bratislava  |b STU FCHPT  |c 2010 
300 |a 133 s.  |b il.  |c 30 cm 
500 |a Štud. program: biochémia 
500 |a Štud. odbor: biochémia 
500 |a Oddelenie biochémie a mikrobiológie 
500 |a Evid. číslo: FCHPT-10859-19281 
910 |a SCHK95 
999 |c 8660  |d 8660